Превращение пиридилтрифлатов под действием галогенводородных кислот; Биомедицина, материалы и технологии XXI века

Podrobná bibliografie
Parent link:Биомедицина, материалы и технологии XXI века.— 2015.— С. 540
Korporativní autor: Национальный исследовательский Томский политехнический университет (ТПУ) Институт физики высоких технологий (ИФВТ) Кафедра биотехнологии и органической химии (БИОХ)
Další autoři: Санжиев А. Н. Алдар Николаевич, Касанова А. Ж. Асия Журсуновна, Бейсембай П. С. Перизат Серикболаткызы, Краснокутская Е. А. Елена Александровна
Shrnutí:В фонде НТБ ТПУ отсутствует
Jazyk:ruština
Vydáno: 2015
Edice:Секция 3. Перспективные материалы
Témata:
Médium: MixedMaterials Kapitola
KOHA link:https://koha.lib.tpu.ru/cgi-bin/koha/opac-detail.pl?biblionumber=602630

MARC

LEADER 00000naa0a2200000 4500
001 602630
005 20250911094315.0
035 |a (RuTPU)RU\TPU\tpu\28572 
035 |a RU\TPU\tpu\28571 
090 |a 602630 
100 |a 20160906d2015 k y0rusy50 ca 
101 0 |a rus 
102 |a RU 
200 1 |a Превращение пиридилтрифлатов под действием галогенводородных кислот  |f А. Н. Санжиев [и др.] 
225 1 |a Секция 3. Перспективные материалы 
320 |a Библиогр.: с. 540 (1 назв.) 
333 |a В фонде НТБ ТПУ отсутствует 
463 1 |t Биомедицина, материалы и технологии XXI века  |o сборник тезисов I Международной школы-конференции студентов, аспирантов и молодых ученых, [25-28 ноября 2015 года, Казань]  |f Казанский (Приволжский) федеральный университет (КФУ) ; отв. ред. А. В. Герасимов  |v С. 540  |d 2015 
610 1 |a труды учёных ТПУ 
701 1 |a Санжиев  |b А. Н.  |g Алдар Николаевич 
701 1 |a Касанова  |b А. Ж.  |c химик  |c асисстент кафедры Томского политехнического университета, техник  |f 1990-  |g Асия Журсуновна  |3 (RuTPU)RU\TPU\pers\32252 
701 1 |a Бейсембай  |b П. С.  |g Перизат Серикболаткызы 
701 1 |a Краснокутская  |b Е. А.  |c химик-органик  |c профессор Томского политехнического университета, доктор химических наук  |f 1966-  |g Елена Александровна  |3 (RuTPU)RU\TPU\pers\25856  |9 11725 
712 0 2 |a Национальный исследовательский Томский политехнический университет (ТПУ)  |b Институт физики высоких технологий (ИФВТ)  |b Кафедра биотехнологии и органической химии (БИОХ)  |3 (RuTPU)RU\TPU\col\18693 
801 1 |a RU  |b 63413507  |c 20160906 
801 2 |a RU  |b 63413507  |c 20160906  |g RCR 
942 |c BK